00428 a2200145 4500003000500000005001700005040000900022082001200031100001900043245003800062260003000100300001000130505013200140650001000272Nust20230123130233.0 cNust a822,IRW aIrwin,Margaret aThe Gay Galliard /cMargret Irwin aLondonbChatto and Windus a423;p aFirst Meeting (Page-15), second Meeting (Page-69), Interlude (Page-177), Lover Meeting (Page-195), No More a Roving (Page-407). aStroy